| 000 | 00476nam a2200169Ia 4500 | ||
|---|---|---|---|
| 008 | 230711s9999||||xx |||||||||||||| ||und|| | ||
| 020 | _a978-1-259-64490-0 | ||
| 041 | _aENG | ||
| 082 |
_a658.314 _bDA-B |
||
| 100 | _aDaniels,Aubrey C | ||
| 245 | 0 |
_aBringing Out the Best in People _bHow to Apply the Astonishing Power of Postive Reinforcement |
|
| 250 | _a3rd Ed. | ||
| 260 |
_c2016 _aNew York _bMcGraw Hill Education |
||
| 300 | _a242p. | ||
| 650 | _aPharmacy | ||
| 942 | _cBK | ||
| 999 |
_c7356 _d7356 |
||